[Event "NB2 Erkel csoport"]
[Site "Gyongyossolymos"]
[Date "2024.11.03"]
[Round "1.12"]
[White "Molnar, Lidia Emilia"]
[Black "Kincses, Emma"]
[Result "1/2-1/2"]
[WhiteElo "1843"]
[BlackElo "1742"]
[PlyCount "98"]
[EventDate "2024.11.03"]
[EventType "team-tourn"]
[EventRounds "11"]
[EventCountry "HUN"]
[Source "chess.hu"]
[SourceDate "2024.11.04"]
[WhiteTeam "Kekesi SE II"]
[BlackTeam "Sport Muhely SE"]
[WhiteTeamCountry "HUN"]
[BlackTeamCountry "HUN"]

1. d4 d5 2. Bf4 Nf6 3. e3 c5 4. c3 Nc6 5. Nd2 Qb6 6. Qb3 c4 7. Qc2 g6 8. e4
dxe4 9. Nxc4 Qd8 10. Be2 Bg7 11. f3 Bf5 12. Qb3 Qc8 13. Ne3 exf3 14. Nxf3 Bd7
15. O-O O-O 16. h3 Re8 17. Bc4 e6 18. Qc2 Ne7 19. Ne5 Bc6 20. Bh2 Rf8 21. Rae1
b6 22. Be2 Bb7 23. Qb3 Nc6 24. N3c4 Ne4 25. Bf3 Ng5 26. Bxc6 Bxc6 27. Nxc6 Qxc6
28. Ne5 Qb7 29. Qc2 h6 30. Rf2 Rac8 31. Qb3 Ne4 32. Rfe2 Nf6 33. Nc4 Qd7 34.
Ne5 Qb7 35. Rf1 Qa6 36. Ref2 Ne4 37. Rc2 Qb7 38. a4 Nf6 39. a5 Nd5 40. Rcf2 Ne3
41. Re1 Nd5 42. Ra1 Nf6 43. Qb5 Ne4 44. Rff1 Nd6 45. Qb4 Nf5 46. Nc4 Rxc4 47.
Qxc4 Ne3 48. Qe2 Nxf1 49. Kxf1 Qd5 1/2-1/2

[Event "NB2 Erkel csoport"]
[Site "Budapest"]
[Date "2024.11.03"]
[Round "1.1"]
[White "Huszar, Mark"]
[Black "Reviczki, Roland"]
[Result "0-1"]
[WhiteElo "2078"]
[BlackElo "2241"]
[PlyCount "108"]
[EventDate "2024.11.03"]
[EventType "team-tourn"]
[EventRounds "11"]
[EventCountry "HUN"]
[Source "chess.hu"]
[SourceDate "2024.11.04"]
[WhiteTeam "Egri Bolyky BastyaSE"]
[BlackTeam "TFSE"]
[WhiteTeamCountry "HUN"]
[BlackTeamCountry "HUN"]

1. e4 c5 2. b3 Nc6 3. Bb2 e5 4. Bb5 d6 5. Bxc6+ bxc6 6. d3 Nf6 7. Nd2 Be7 8.
Ne2 O-O 9. Ng3 g6 10. O-O h5 11. Nc4 h4 12. Ne2 Nh5 13. f4 exf4 14. Nxf4 Nxf4
15. Rxf4 d5 16. Ne5 Qc7 17. Qf3 d4 18. Ng4 Bg5 19. Rf1 Qxf4 20. Qxf4 Bxf4 21.
Rxf4 Bxg4 22. Rxg4 Rfe8 23. Rg5 c4 24. bxc4 Red8 25. Ra5 Rab8 26. Ba3 Rd7 27.
Kf2 Rb1 28. h3 Kh7 29. Ke2 Rg1 30. Kf2 Rb1 31. Ra6 Rb6 32. Ra5 f6 33. Ke2 g5
34. Bc5 Rb2 35. Kd2 Rb1 36. Ke2 Rc1 37. Rxa7 Rxa7 38. Bxa7 Rxc2+ 39. Kf1 Kg6
40. Bxd4 Rd2 41. Bb6 Rxd3 42. a4 Ra3 43. a5 Ra2 44. Bc7 Ra4 45. e5 fxe5 46.
Bxe5 Rxa5 47. Bd6 Ra2 48. c5 Kf7 49. Be5 Rd2 50. Bc3 Rd5 51. Bb4 Rd4 52. Ba3
Rd2 53. Kg1 Rc2 54. Kh2 Ke6 0-1

[Event "NB2 Erkel csoport"]
[Site "Budapest"]
[Date "2024.11.03"]
[Round "1.2"]
[White "Laszlo, Csaba"]
[Black "Huszar, Lorant"]
[Result "1-0"]
[WhiteElo "2077"]
[BlackElo "1973"]
[PlyCount "103"]
[EventDate "2024.11.03"]
[EventType "team-tourn"]
[EventRounds "11"]
[EventCountry "HUN"]
[Source "chess.hu"]
[SourceDate "2024.11.04"]
[WhiteTeam "TFSE"]
[BlackTeam "Egri Bolyky BastyaSE"]
[WhiteTeamCountry "HUN"]
[BlackTeamCountry "HUN"]

1. e4 e5 2. Nf3 Nc6 3. Bb5 a6 4. Ba4 Nf6 5. d4 exd4 6. O-O Be7 7. Re1 O-O 8. e5
Nd5 9. Nxd4 Nb6 10. Nxc6 dxc6 11. Bb3 Qxd1 12. Rxd1 Bf5 13. Nc3 Rfd8 14. Bf4 c5
15. Nd5 Nxd5 16. Rxd5 c6 17. Rxd8+ Rxd8 18. c3 b5 19. Re1 Be6 20. Kf1 c4 21.
Bc2 Bd5 22. Be4 h6 23. Bxd5 cxd5 24. Be3 Kf8 25. Bd4 Rc8 26. f4 Bc5 27. Bxc5+
Rxc5 28. Ke2 f6 29. exf6 gxf6 30. Ke3 Kf7 31. Kd4 Rc8 32. Re2 Kg6 33. g4 h5 34.
h3 Rh8 35. Kxd5 hxg4 36. hxg4 Rh4 37. Rg2 f5 38. gxf5+ Kxf5 39. Rf2 Rh6 40. Kc5
Rh8 41. Kb4 Rh6 42. a4 bxa4 43. Kxc4 Rb6 44. Kd5 a3 45. b4 a5 46. Kc5 axb4 47.
cxb4 Ra6 48. Ra2 Kxf4 49. b5 Ra5 50. Kb4 Ra8 51. Rxa3 Rb8 52. Rd3 1-0

[Event "NB2 Erkel csoport"]
[Site "Budapest"]
[Date "2024.11.03"]
[Round "1.3"]
[White "Vas, Vince"]
[Black "Gyorfi, Adam"]
[Result "0-1"]
[WhiteElo "1972"]
[BlackElo "2047"]
[PlyCount "92"]
[EventDate "2024.11.03"]
[EventType "team-tourn"]
[EventRounds "11"]
[EventCountry "HUN"]
[Source "chess.hu"]
[SourceDate "2024.11.04"]
[WhiteTeam "Egri Bolyky BastyaSE"]
[BlackTeam "TFSE"]
[WhiteTeamCountry "HUN"]
[BlackTeamCountry "HUN"]

1. d4 Nf6 2. c4 e6 3. g3 d5 4. Bg2 dxc4 5. Qa4+ Bd7 6. Qxc4 Bc6 7. Nf3 Nbd7 8.
Nc3 Bd6 9. O-O O-O 10. Qd3 Bb4 11. a3 Bxc3 12. Qxc3 Be4 13. b4 Nd5 14. Qb3 a5
15. bxa5 Rxa5 16. Nd2 Bxg2 17. Kxg2 Qa8 18. e4 N5f6 19. f3 c5 20. Bb2 Rd8 21.
Rfd1 cxd4 22. Bxd4 Rc8 23. Bxf6 Nxf6 24. Nc4 Rh5 25. g4 Rh4 26. Nb6 Qb8 27.
Nxc8 Qxh2+ 28. Kf1 h5 29. g5 Nxe4 30. Rd8+ Kh7 31. fxe4 Qh1+ 32. Ke2 Rh2+ 33.
Kd3 Qf3+ 34. Kc4 Qxe4+ 35. Kb5 Qc6+ 36. Ka5 Rc2 37. g6+ fxg6 38. Qxc2 Qxc2 39.
Rad1 Qc3+ 40. Kb6 Qxa3 41. Kxb7 g5 42. Kc6 g4 43. R1d3 Qc1+ 44. Kd6 g3 45. Kxe6
g2 46. R3d5 Qh6+ 0-1

[Event "NB2 Erkel csoport"]
[Site "Budapest"]
[Date "2024.11.03"]
[Round "1.4"]
[White "Ilko-Toth, Andras"]
[Black "Vajda, Albert Sr"]
[Result "1-0"]
[WhiteElo "2115"]
[BlackElo "2013"]
[PlyCount "63"]
[EventDate "2024.11.03"]
[EventType "team-tourn"]
[EventRounds "11"]
[EventCountry "HUN"]
[Source "chess.hu"]
[SourceDate "2024.11.04"]
[WhiteTeam "TFSE"]
[BlackTeam "Egri Bolyky BastyaSE"]
[WhiteTeamCountry "HUN"]
[BlackTeamCountry "HUN"]

1. d4 Nf6 2. Nf3 c5 3. d5 b5 4. c3 Bb7 5. e4 Nxe4 6. Bxb5 Nd6 7. Be2 g6 8. Be3
Qc8 9. Na3 Bg7 10. Bf4 Ne4 11. Nb5 d6 12. Qa4 Nxc3 13. Nxc3+ Nd7 14. Rd1 O-O
15. O-O Nb6 16. Qc2 Bxc3 17. bxc3 Nxd5 18. Bh6 Re8 19. Ng5 Nf6 20. Bf3 d5 21.
Nh3 e6 22. Rfe1 a5 23. Qa4 c4 24. Qa3 Qc6 25. Qc1 Rec8 26. Qf4 Ne8 27. Ng5 Qc7
28. Nxe6 Qxf4 29. Nxf4 Nc7 30. Nxd5 Nxd5 31. Bxd5 Bxd5 32. Rxd5 1-0

[Event "NB2 Erkel csoport"]
[Site "Budapest"]
[Date "2024.11.03"]
[Round "1.6"]
[White "Gabula, Adam"]
[Black "Gordos, Csaba Dr"]
[Result "1-0"]
[WhiteElo "2055"]
[BlackElo "1890"]
[PlyCount "73"]
[EventDate "2024.11.03"]
[EventType "team-tourn"]
[EventRounds "11"]
[EventCountry "HUN"]
[Source "chess.hu"]
[SourceDate "2024.11.04"]
[WhiteTeam "TFSE"]
[BlackTeam "Egri Bolyky BastyaSE"]
[WhiteTeamCountry "HUN"]
[BlackTeamCountry "HUN"]

1. e4 e5 2. Nf3 Nc6 3. Bc4 Nf6 4. d3 Bc5 5. c3 d6 6. O-O O-O 7. h3 h6 8. Re1
Na5 9. Bb5 Bb6 10. d4 exd4 11. cxd4 Nc6 12. Nc3 Bd7 13. e5 dxe5 14. dxe5 Nh7
15. Bf4 Re8 16. Qe2 Ba5 17. Rad1 Qc8 18. a3 Bxc3 19. bxc3 a6 20. Bd3 Bf5 21.
Nd4 Bxd3 22. Rxd3 Nd8 23. Rg3 Kh8 24. Qh5 Qd7 25. Ree3 Ne6 26. Qg4 Rg8 27. Rd3
Nc5 28. Qxd7 Nxd7 29. e6 Nc5 30. exf7 Rgf8 31. Rdf3 Rxf7 32. Bxh6 Rxf3 33.
Bxg7+ Kg8 34. Nxf3 Ne4 35. Rg4 Re8 36. Be5+ Kf7 37. Rxe4 1-0

[Event "NB2 Erkel csoport"]
[Site "Budapest"]
[Date "2024.11.03"]
[Round "1.7"]
[White "Huszar, Andras"]
[Black "Suto, Gabor"]
[Result "1/2-1/2"]
[WhiteElo "1754"]
[BlackElo "2099"]
[PlyCount "81"]
[EventDate "2024.11.03"]
[EventType "team-tourn"]
[EventRounds "11"]
[EventCountry "HUN"]
[Source "chess.hu"]
[SourceDate "2024.11.04"]
[WhiteTeam "Egri Bolyky BastyaSE"]
[BlackTeam "TFSE"]
[WhiteTeamCountry "HUN"]
[BlackTeamCountry "HUN"]

1. d4 Nf6 2. Nf3 e6 3. c4 Bb4+ 4. Bd2 c5 5. e3 O-O 6. Bd3 Nc6 7. O-O d5 8. cxd5
exd5 9. dxc5 Bxc5 10. a3 Bg4 11. Be2 Re8 12. b4 Bb6 13. h3 Bxf3 14. Bxf3 Ne5
15. Bc3 Ne4 16. Bxe5 Rxe5 17. Bxe4 dxe4 18. Qxd8+ Rxd8 19. Nc3 f5 20. Rfd1 Kf7
21. Kf1 Ke8 22. Ke2 Re6 23. Nd5 Red6 24. Nxb6 Rxb6 25. Rxd8+ Kxd8 26. Rc1 Kd7
27. Rc4 Ra6 28. Rc3 Rc6 29. Kd2 b5 30. Rxc6 Kxc6 31. Kc2 Kd6 32. Kd2 Ke6 33. h4
g6 34. g3 Kd6 35. Kc2 h6 36. Kd2 Kd5 37. Kc3 Ke5 38. Kd2 g5 39. h5 g4 40. Kc3
Kd5 41. Kb3 1/2-1/2

[Event "NB2 Erkel csoport"]
[Site "Budapest"]
[Date "2024.11.03"]
[Round "1.8"]
[White "Janosi, Bence"]
[Black "Losonczy, Istvan"]
[Result "1-0"]
[WhiteElo "2010"]
[BlackElo "1766"]
[PlyCount "47"]
[EventDate "2024.11.03"]
[EventType "team-tourn"]
[EventRounds "11"]
[EventCountry "HUN"]
[Source "chess.hu"]
[SourceDate "2024.11.04"]
[WhiteTeam "TFSE"]
[BlackTeam "Egri Bolyky BastyaSE"]
[WhiteTeamCountry "HUN"]
[BlackTeamCountry "HUN"]

1. d4 Nf6 2. c4 g6 3. Nc3 Bg7 4. e4 d6 5. f3 O-O 6. Be3 e5 7. Nge2 Nbd7 8. Qd2
exd4 9. Nxd4 a6 10. O-O-O Nc5 11. g4 Bd7 12. g5 Ne8 13. h4 f6 14. Qh2 Qe7 15.
h5 Qf7 16. hxg6 Qxg6 17. f4 f5 18. Be2 Bh8 19. Bh5 Qg7 20. exf5 Bxf5 21. Nxf5
Rxf5 22. Bd4 Qe7 23. Bxh8 Kxh8 24. Bxe8 1-0

[Event "NB2 Erkel csoport"]
[Site "Budapest"]
[Date "2024.11.03"]
[Round "1.9"]
[White "Prepelita, Kevin Gabriel"]
[Black "Varga, Boldizsar"]
[Result "1/2-1/2"]
[WhiteElo "1650"]
[BlackElo "1911"]
[PlyCount "54"]
[EventDate "2024.11.03"]
[EventType "team-tourn"]
[EventRounds "11"]
[EventCountry "HUN"]
[Source "chess.hu"]
[SourceDate "2024.11.04"]
[WhiteTeam "Egri Bolyky BastyaSE"]
[BlackTeam "TFSE"]
[WhiteTeamCountry "HUN"]
[BlackTeamCountry "HUN"]

1. e4 c5 2. c3 Nf6 3. e5 Nd5 4. d4 cxd4 5. cxd4 e6 6. Bd2 d6 7. Nc3 Nc6 8. Nf3
Be7 9. Bb5 Qb6 10. Nxd5 exd5 11. Bxc6+ bxc6 12. Bc3 Ba6 13. Qd2 O-O 14. O-O-O
Bc4 15. b3 Rfb8 16. Ba5 Qb5 17. Bc7 dxe5 18. Bxb8 Ba3+ 19. Kb1 Rxb8 20. Qc2 Qa4
21. Nd2 e4 22. Ka1 Qa6 23. bxc4 Rb2 24. Qc3 Rxa2+ 25. Kxa2 Bb4+ 26. Kb2 Bxc3+
27. Kxc3 Qa5+ 1/2-1/2

[Event "NB2 Erkel csoport"]
[Site "Budapest"]
[Date "2024.11.03"]
[Round "1.10"]
[White "Csalami, Gabor"]
[Black "Kovacs, Kolos Rego"]
[Result "1-0"]
[WhiteElo "1955"]
[BlackElo "1587"]
[PlyCount "91"]
[EventDate "2024.11.03"]
[EventType "team-tourn"]
[EventRounds "11"]
[EventCountry "HUN"]
[Source "chess.hu"]
[SourceDate "2024.11.04"]
[WhiteTeam "TFSE"]
[BlackTeam "Egri Bolyky BastyaSE"]
[WhiteTeamCountry "HUN"]
[BlackTeamCountry "HUN"]

1. e4 e5 2. Nf3 Nc6 3. Bb5 a6 4. Ba4 Nf6 5. O-O Be7 6. Bxc6 dxc6 7. d3 Bg4 8.
Nbd2 O-O 9. Nc4 Bd6 10. Bg5 h6 11. Bh4 Re8 12. h3 Bh5 13. g4 Bg6 14. Bg3 Nd7
15. Nh4 Bh7 16. Ne3 Qg5 17. Nhf5 Bxf5 18. Nxf5 Nf6 19. Qf3 h5 20. gxh5 Qxh5 21.
Qg2 Nh7 22. f4 g6 23. fxe5 Bxe5 24. Bxe5 Rxe5 25. Rf4 Ng5 26. h4 gxf5 27. Qxg5+
Qxg5+ 28. hxg5 fxe4 29. Rxe4 Rxg5+ 30. Kf2 Rc5 31. c3 Rd8 32. Rg1+ Kf8 33. Ke3
Re8 34. Rg8+ Kxg8 35. Rxe8+ Kg7 36. Re7 Rb5 37. b3 Kg6 38. Rxc7 c5 39. c4 Ra5
40. a4 Kf6 41. Rxb7 Ke6 42. Rb6+ Ke5 43. Rb8 f6 44. Rd8 Ke6 45. Ke4 Ke7 46. Rd5
1-0

[Event "NB2 Erkel csoport"]
[Site "Budapest"]
[Date "2024.11.03"]
[Round "1.11"]
[White "Prokaj, Dominik Denes"]
[Black "Hangyal, Anna"]
[Result "0-1"]
[WhiteElo "1625"]
[BlackElo "1878"]
[PlyCount "82"]
[EventDate "2024.11.03"]
[EventType "team-tourn"]
[EventRounds "11"]
[EventCountry "HUN"]
[Source "chess.hu"]
[SourceDate "2024.11.04"]
[WhiteTeam "Egri Bolyky BastyaSE"]
[BlackTeam "TFSE"]
[WhiteTeamCountry "HUN"]
[BlackTeamCountry "HUN"]

1. e4 c5 2. c3 d5 3. exd5 Qxd5 4. d4 Nc6 5. Nf3 Bg4 6. Be2 cxd4 7. cxd4 e6 8.
O-O Nf6 9. Nc3 Qa5 10. Bf4 a6 11. Qb3 Qb4 12. Qxb4 Nxb4 13. a3 Nbd5 14. Nxd5
Nxd5 15. Bg3 Rd8 16. Rfd1 Bd6 17. Bxd6 Rxd6 18. Kf1 Ke7 19. Ne5 Bxe2+ 20. Kxe2
f6 21. Nc4 Rc6 22. Na5 Rc2+ 23. Kf3 Rxb2 24. Rdb1 Rxb1 25. Rxb1 b6 26. Nc4 b5
27. Na5 Rc8 28. Rb3 Rc7 29. g3 Nb6 30. Ke3 Kd6 31. f3 Kd5 32. h4 Nc4+ 33. Nxc4
bxc4 34. Rc3 Rb7 35. a4 Rb2 36. a5 Ra2 37. g4 Rxa5 38. f4 Rb5 39. Kf2 Kxd4 40.
Rc2 c3 41. Kg3 Rb2 0-1

[Event "NB2 Erkel csoport"]
[Site "Vac"]
[Date "2024.11.03"]
[Round "1.1"]
[White "Szabo, Zsolt"]
[Black "Mirza, Solyom"]
[Result "1-0"]
[WhiteElo "2224"]
[BlackElo "2082"]
[PlyCount "71"]
[EventDate "2024.11.03"]
[EventType "team-tourn"]
[EventRounds "11"]
[EventCountry "HUN"]
[Source "chess.hu"]
[SourceDate "2024.11.04"]
[WhiteTeam "Morihana-Honved ASE"]
[BlackTeam "Vaci SC"]
[WhiteTeamCountry "HUN"]
[BlackTeamCountry "HUN"]

1. d4 Nf6 2. c4 g6 3. Nc3 Bg7 4. Bg5 h6 5. Bh4 d6 6. e3 O-O 7. Be2 c6 8. Qc2 a6
9. Nf3 Nbd7 10. Rd1 Qc7 11. O-O e5 12. h3 b5 13. a3 g5 14. Bg3 Ne8 15. Bd3 bxc4
16. Bxc4 Nb6 17. Ba2 Kh8 18. dxe5 dxe5 19. e4 Qe7 20. Nd2 Nd6 21. Na4 Nxa4 22.
Qxa4 Rb8 23. Nc4 Nxe4 24. Bh2 Rb5 25. Bb1 Nc5 26. Qc2 e4 27. Bd6 Qe6 28. Bxf8
Bxf8 29. Rd8 Kg7 30. Qc3+ f6 31. Rfd1 Be7 32. R8d6 Bxd6 33. Nxd6 Na4 34. Qxc6
Rc5 35. Qxa4 Bd7 36. Qxe4 1-0

[Event "NB2 Erkel csoport"]
[Site "Vac"]
[Date "2024.11.03"]
[Round "1.2"]
[White "Trajber, Daniel"]
[Black "Hangay, Oliver"]
[Result "0-1"]
[WhiteElo "2043"]
[BlackElo "2088"]
[PlyCount "110"]
[EventDate "2024.11.03"]
[EventType "team-tourn"]
[EventRounds "11"]
[EventCountry "HUN"]
[Source "chess.hu"]
[SourceDate "2024.11.04"]
[WhiteTeam "Vaci SC"]
[BlackTeam "Morihana-Honved ASE"]
[WhiteTeamCountry "HUN"]
[BlackTeamCountry "HUN"]

1. e4 e5 2. Nf3 Nc6 3. Bc4 Bc5 4. O-O Nf6 5. d3 d6 6. h3 h6 7. c3 Bb6 8. Re1 g5
9. Nh2 g4 10. hxg4 Rg8 11. Qf3 Qe7 12. Be3 Nxg4 13. Nf1 Bd7 14. b4 Rg7 15. Nbd2
O-O-O 16. Bxb6 cxb6 17. a4 Qh4 18. Qg3 Qf6 19. Qf3 Qg5 20. a5 Rg6 21. axb6 axb6
22. Ra8+ Nb8 23. Re2 Rf6 24. Qg3 h5 25. f3 h4 26. Qe1 Nh6 27. Ne3 Be6 28. Qf2
Kc7 29. Bxe6 fxe6 30. Ndc4 Nd7 31. Rxd8 Kxd8 32. Nxd6 Rf4 33. Kh1 Ng4 34. Qe1
Ke7 35. Nec4 Ngf6 36. Nc8+ Kf7 37. d4 Nh5 38. Rf2 Qg3 39. Qg1 Qg5 40. Qh2 Ng3+
41. Kg1 Rf6 42. Rd2 b5 43. N8d6+ Kg8 44. Nxb5 Nb6 45. Nbd6 Nxc4 46. Nxc4 b5 47.
Qh3 bxc4 48. Rd1 exd4 49. Kh2 dxc3 50. Rd8+ Kg7 51. Rd7+ Kf8 52. e5 Rf5 53. Rh7
c2 54. Rxh4 Qxh4 55. Qxh4 Rh5 0-1

[Event "NB2 Erkel csoport"]
[Site "Vac"]
[Date "2024.11.03"]
[Round "1.3"]
[White "Nagy, Ervin Dr"]
[Black "Trajber, Csaba Dr"]
[Result "1/2-1/2"]
[WhiteElo "2112"]
[BlackElo "1999"]
[PlyCount "139"]
[EventDate "2024.11.03"]
[EventType "team-tourn"]
[EventRounds "11"]
[EventCountry "HUN"]
[Source "chess.hu"]
[SourceDate "2024.11.04"]
[WhiteTeam "Morihana-Honved ASE"]
[BlackTeam "Vaci SC"]
[WhiteTeamCountry "HUN"]
[BlackTeamCountry "HUN"]

1. e4 c5 2. Nf3 e6 3. Qe2 Nc6 4. g3 d6 5. Bg2 Nf6 6. O-O Be7 7. c3 e5 8. d3 Bg4
9. h3 Bxf3 10. Qxf3 O-O 11. Na3 Ne8 12. h4 Bf6 13. Nc2 Nc7 14. Ne3 b5 15. Ng4
Be7 16. Bh3 Kh8 17. Ne3 Bf6 18. Qg4 d5 19. exd5 Nxd5 20. Qd7 Nde7 21. Rd1 Qb6
22. Nd5 Nxd5 23. Qxd5 Rad8 24. Qe4 a5 25. Be3 b4 26. Rac1 bxc3 27. bxc3 Be7 28.
Rb1 Qc7 29. Bg2 Nb8 30. Qb7 Rd7 31. Qxc7 Rxc7 32. Rb5 f5 33. f4 Bd6 34. Rxa5
exf4 35. Bxf4 Bxf4 36. gxf4 Nd7 37. Re1 g6 38. Re7 Rb8 39. Ra8 Rcc8 40. Rxd7
Rxa8 41. Bxa8 Rxa8 42. Rd5 Rxa2 43. Rxc5 Kg7 44. h5 Kh6 45. hxg6 hxg6 46. Kf1
Kh5 47. Rd5 Kg4 48. Rd4 Kf3 49. Ke1 Ke3 50. Kd1 Rd2+ 51. Kc1 Rxd3 52. Rc4 g5
53. fxg5 f4 54. Rc8 Rd5 55. Re8+ Kf2 56. g6 Rg5 57. Rf8 f3 58. Kd2 Rxg6 59. c4
Kg2 60. Ke3 Re6+ 61. Kd4 f2 62. c5 f1=Q 63. Rxf1 Kxf1 64. Kd5 Re8 65. c6 Kf2
66. c7 Ke3 67. Kd6 Rh8 68. Kd7 Rh7+ 69. Kc6 Rxc7+ 70. Kxc7 1/2-1/2

[Event "NB2 Erkel csoport"]
[Site "Vac"]
[Date "2024.11.03"]
[Round "1.4"]
[White "Tornai, Imre"]
[Black "Kovacs, Klara"]
[Result "0-1"]
[WhiteElo "1987"]
[BlackElo "2071"]
[PlyCount "58"]
[EventDate "2024.11.03"]
[EventType "team-tourn"]
[EventRounds "11"]
[EventCountry "HUN"]
[Source "chess.hu"]
[SourceDate "2024.11.04"]
[WhiteTeam "Vaci SC"]
[BlackTeam "Morihana-Honved ASE"]
[WhiteTeamCountry "HUN"]
[BlackTeamCountry "HUN"]

1. e4 e6 2. d4 d5 3. Nc3 Nf6 4. Bg5 Be7 5. e5 Nfd7 6. Bxe7 Qxe7 7. f4 O-O 8.
Nf3 c5 9. Bd3 g6 10. Qd2 Nc6 11. dxc5 Qxc5 12. O-O-O Rb8 13. h4 Rd8 14. h5 Nf8
15. hxg6 fxg6 16. Ng5 Rd7 17. Rh6 Rg7 18. Rdh1 b5 19. g3 b4 20. Nce4 dxe4 21.
Nxe4 Qd4 22. Nf6+ Kf7 23. Nxh7 Bb7 24. Ng5+ Ke7 25. Nf3 Qd5 26. Ng5 Qxa2 27. c3
Na5 28. Qf2 Nb3+ 29. Kd1 Bxh1 0-1

[Event "NB2 Erkel csoport"]
[Site "Vac"]
[Date "2024.11.03"]
[Round "1.5"]
[White "Kovacs, Judit"]
[Black "Torok, Tamas"]
[Result "1-0"]
[WhiteElo "2050"]
[BlackElo "1944"]
[PlyCount "65"]
[EventDate "2024.11.03"]
[EventType "team-tourn"]
[EventRounds "11"]
[EventCountry "HUN"]
[Source "chess.hu"]
[SourceDate "2024.11.04"]
[WhiteTeam "Morihana-Honved ASE"]
[BlackTeam "Vaci SC"]
[WhiteTeamCountry "HUN"]
[BlackTeamCountry "HUN"]

1. Nf3 Nf6 2. c4 c6 3. d4 d5 4. Qc2 g6 5. Bf4 Bf5 6. Qb3 Qb6 7. e3 Bxb1 8. Rxb1
Qxb3 9. axb3 Nbd7 10. h3 e6 11. c5 Be7 12. b4 a6 13. Nd2 O-O 14. Nb3 Rfc8 15.
Na5 Ra7 16. Nxb7 Rxb7 17. Bxa6 Rbb8 18. Bxb8 Rxb8 19. b5 cxb5 20. c6 Nb6 21. c7
Rf8 22. Rc1 Nc8 23. f3 b4 24. Ke2 Nd7 25. Rc6 Kg7 26. Ra1 Ndb6 27. b3 h5 28.
Bb7 h4 29. Ra6 Nd7 30. Ra8 Ndb6 31. Rb8 Kg8 32. Ba6 Kg7 33. Rbxb6 1-0

[Event "NB2 Erkel csoport"]
[Site "Vac"]
[Date "2024.11.03"]
[Round "1.6"]
[White "Slezak, Robert"]
[Black "Demjen, Mark"]
[Result "1/2-1/2"]
[WhiteElo "1993"]
[BlackElo "1987"]
[PlyCount "81"]
[EventDate "2024.11.03"]
[EventType "team-tourn"]
[EventRounds "11"]
[EventCountry "HUN"]
[Source "chess.hu"]
[SourceDate "2024.11.04"]
[WhiteTeam "Vaci SC"]
[BlackTeam "Morihana-Honved ASE"]
[WhiteTeamCountry "HUN"]
[BlackTeamCountry "HUN"]

1. e4 e5 2. Nf3 Nc6 3. Bc4 Bc5 4. O-O Nf6 5. d4 exd4 6. e5 d5 7. exf6 dxc4 8.
Re1+ Be6 9. fxg7 Rg8 10. Bg5 Be7 11. Bxe7 Kxe7 12. Nbd2 Qd5 13. Ne4 Rxg7 14.
Qd2 Rag8 15. Ng3 h5 16. h4 Rg4 17. Re2 Kd7 18. Rae1 Kc8 19. Re4 b6 20. Qe2 Bf5
21. Re8+ Rxe8 22. Qxe8+ Kb7 23. Ne5 Rxg3 24. fxg3 Bxc2 25. Nxc6 Qxc6 26. Qxf7
d3 27. Qf4 Qc5+ 28. Kh2 Qb4 29. Re8 d2 30. Qf3+ Ka6 31. Rd8 Qd6 32. Rxd6 cxd6
33. Qc6 d1=Q 34. Qxc4+ Kb7 35. Qf7+ Kc6 36. Qxa7 Qd3 37. Qa8+ Kc7 38. Qa7+ Kc6
39. Qa8+ Kc5 40. Qc8+ Kd5 41. Qb7+ 1/2-1/2

[Event "NB2 Erkel csoport"]
[Site "Vac"]
[Date "2024.11.03"]
[Round "1.7"]
[White "Bertok, Bela"]
[Black "Veres, Istvan"]
[Result "1/2-1/2"]
[WhiteElo "1949"]
[BlackElo "1976"]
[PlyCount "23"]
[EventDate "2024.11.03"]
[EventType "team-tourn"]
[EventRounds "11"]
[EventCountry "HUN"]
[Source "chess.hu"]
[SourceDate "2024.11.04"]
[WhiteTeam "Morihana-Honved ASE"]
[BlackTeam "Vaci SC"]
[WhiteTeamCountry "HUN"]
[BlackTeamCountry "HUN"]

1. Nf3 d5 2. d4 Nf6 3. g3 e6 4. Bg2 Be7 5. O-O O-O 6. Nbd2 b6 7. e3 Bb7 8. b3
c5 9. Bb2 Nc6 10. Ne5 Nxe5 11. dxe5 Ne4 12. Nxe4 1/2-1/2

[Event "NB2 Erkel csoport"]
[Site "Vac"]
[Date "2024.11.03"]
[Round "1.8"]
[White "Nemeth, Laszlo"]
[Black "Lovas, Zsolt"]
[Result "1/2-1/2"]
[WhiteElo "1994"]
[BlackElo "1881"]
[PlyCount "120"]
[EventDate "2024.11.03"]
[EventType "team-tourn"]
[EventRounds "11"]
[EventCountry "HUN"]
[Source "chess.hu"]
[SourceDate "2024.11.04"]
[WhiteTeam "Vaci SC"]
[BlackTeam "Morihana-Honved ASE"]
[WhiteTeamCountry "HUN"]
[BlackTeamCountry "HUN"]

1. b4 e5 2. Bb2 Bxb4 3. Bxe5 Nf6 4. Nf3 Nc6 5. Bb2 O-O 6. e3 a6 7. c4 d5 8. a3
Ba5 9. Qc2 h6 10. Be2 dxc4 11. Qxc4 Re8 12. O-O Nd5 13. d4 Bb6 14. Nc3 Nxc3 15.
Qxc3 Ba5 16. Qc2 Qd5 17. Bc4 Qh5 18. d5 Nd8 19. Rad1 b5 20. Be2 Bf5 21. Qc5 f6
22. Nd4 Qg6 23. Nxf5 Qxf5 24. Bd3 Qh5 25. Qc2 Nb7 26. Bg6 Qg4 27. Bxe8 Rxe8 28.
h3 Qc8 29. Rd4 Nd6 30. Rg4 Rf8 31. Qg6 Ne8 32. Rc1 Qd7 33. Rh4 Kh8 34. Rh5 Nd6
35. Rc6 Bb6 36. e4 Qf7 37. Qxf7 Rxf7 38. e5 fxe5 39. Bxe5 Bxf2+ 40. Kh2 Kh7 41.
Bxd6 cxd6 42. Rxd6 Bd4 43. Re6 Rf1 44. d6 Bg1+ 45. Kg3 Bf2+ 46. Kg4 Rd1 47. Kf3
Bb6 48. Ke4 Rd4+ 49. Ke5 Rd2 50. Kf4 Rd4+ 51. Kf3 Rd2 52. Rhe5 Rf2+ 53. Kg3 Rd2
54. Re2 Rd3+ 55. Kf4 Bc5 56. Ke5 Bxa3 57. d7 Rxd7 58. Rxa6 b4 59. Re3 Bb2+ 60.
Ke4 Bc3 1/2-1/2

[Event "NB2 Erkel csoport"]
[Site "Vac"]
[Date "2024.11.03"]
[Round "1.10"]
[White "Harkai, Emma"]
[Black "Zoltan, Andras"]
[Result "1-0"]
[WhiteElo "1853"]
[BlackElo "1844"]
[PlyCount "165"]
[EventDate "2024.11.03"]
[EventType "team-tourn"]
[EventRounds "11"]
[EventCountry "HUN"]
[Source "chess.hu"]
[SourceDate "2024.11.04"]
[WhiteTeam "Vaci SC"]
[BlackTeam "Morihana-Honved ASE"]
[WhiteTeamCountry "HUN"]
[BlackTeamCountry "HUN"]

1. e4 e5 2. Nf3 Nc6 3. Bb5 Bc5 4. O-O Nf6 5. d3 d6 6. c3 O-O 7. h3 Ne7 8. d4
Bb6 9. Re1 Ng6 10. Nbd2 a6 11. Bd3 Nf4 12. Bf1 Re8 13. Nc4 Ng6 14. dxe5 dxe5
15. Qxd8 Rxd8 16. Ncxe5 Nxe5 17. Nxe5 Re8 18. Bf4 Be6 19. Nf3 h6 20. Be3 Bxe3
21. Rxe3 Rad8 22. Nd4 Bd7 23. Rae1 c5 24. Nb3 Rc8 25. g3 Be6 26. Bg2 b6 27. Bf1
b5 28. Bg2 Red8 29. f4 Bxb3 30. axb3 Rd2 31. R3e2 Rcd8 32. Kf2 b4 33. e5 Nh7
34. c4 Nf8 35. f5 Nh7 36. Bd5 Rxe2+ 37. Rxe2 Kf8 38. h4 Ke7 39. Re1 Rb8 40. Ra1
Rb6 41. Ra5 Nf8 42. Rxc5 Nd7 43. Rc7 Kd8 44. Ra7 Nxe5 45. Bxf7 Rf6 46. Be6 g6
47. Rxa6 gxf5 48. Ra8+ Ke7 49. Bd5 Nd3+ 50. Ke3 Nxb2 51. Rb8 Nd1+ 52. Kd2 Nc3
53. Rxb4 Nxd5 54. cxd5 Rg6 55. Rb7+ Kf8 56. Ke3 Rxg3+ 57. Kf4 Rg4+ 58. Kxf5
Rxh4 59. Ke6 Re4+ 60. Kd7 h5 61. d6 h4 62. Kc6 h3 63. Rh7 Re3 64. b4 Rc3+ 65.
Kb7 Ke8 66. b5 Rd3 67. Kc6 Rc3+ 68. Kd5 Rd3+ 69. Kc5 Rc3+ 70. Kd4 Rb3 71. Kc4
Rb1 72. Rxh3 Kd7 73. Rd3 Rb2 74. Kc5 Rh2 75. Kb6 Rh6 76. Kb7 Rh8 77. b6 Rh1 78.
Ka7 Ra1+ 79. Kb8 Rb1 80. b7 Ra1 81. Rc3 Ra2 82. Rc7+ Kxd6 83. Kc8 1-0